| 000 -LEADER |
| fixed length control field |
00693nam a2200229Ia 4500 |
| 001 - CONTROL NUMBER |
| control field |
4243 |
| 003 - CONTROL NUMBER IDENTIFIER |
| control field |
GE_BSU |
| 008 - FIXED-LENGTH DATA ELEMENTS--GENERAL INFORMATION |
| fixed length control field |
181216s||||||||xx |||||||||||||| ||und|| |
| 040 ## - CATALOGING SOURCE |
| Transcribing agency |
GE_BSU |
| 080 ## - UNIVERSAL DECIMAL CLASSIFICATION NUMBER |
| Universal Decimal Classification number |
621.56/59(035.5) |
| 100 ## - MAIN ENTRY--PERSONAL NAME |
| Personal name |
Ужанский,В.С. Каплан,Л.Г. Вольская,Л.С. |
| 245 ## - TITLE STATEMENT |
| Title |
Холодильная автоматика. |
| 245 ## - TITLE STATEMENT |
| Remainder of title |
Справочник. |
| 245 ## - TITLE STATEMENT |
| Statement of responsibility, etc. |
Ред. А.Л. Циперсон. |
| 260 ## - PUBLICATION, DISTRIBUTION, ETC. |
| Place of publication, distribution, etc. |
М. |
| 260 ## - PUBLICATION, DISTRIBUTION, ETC. |
| Name of publisher, distributor, etc. |
Пищевая промышленность. |
| 260 ## - PUBLICATION, DISTRIBUTION, ETC. |
| Date of publication, distribution, etc. |
1971. |
| 300 ## - PHYSICAL DESCRIPTION |
| Extent |
463 стр. с илл. 25 см. |
| 300 ## - PHYSICAL DESCRIPTION |
| Accompanying material |
40 табл. |
| 653 ## - INDEX TERM--UNCONTROLLED |
| Uncontrolled term |
Холодильная автоматика. |
| 942 ## - ADDED ENTRY ELEMENTS (KOHA) |
| Koha item type |
წიგნი |